000 01269 a2200325 4500
005 20260624091640.0
020 _a1904424279
050 0 0 _aRC394
_bKAL 2004
100 1 _aKalogjera-Sackellares, Dalma.
_eAuthor
245 1 0 _aPsychodynamics and psychotherapy of pseudoseizures /
_cDalma Kalogjera-Sackellares.
264 _aWales :
_bCrown House Publishing Ltd.
_c2004.
300 _axxvii, 269 pages :
_billustrations ;
336 _atext
_btxt
_2rdacontent
337 _aunmediated
_bn
_2rdamedia
338 _avolume
_bnc
_2rdacarrier
504 _aIncludes bibliographical references (p. 255-262) and index.
650 0 _aConvulsions.
650 0 _aConvulsions
_xTreatment.
650 0 _aPsychodynamic psychotherapy.
650 0 _aPsychotherapy.
650 1 2 _aSeizures
_xdiagnosis.
650 1 2 _aSeizures
_xpsychology.
650 2 2 _aPsychotherapy
_xmethods.
650 2 2 _aStress Disorders, Traumatic
_xpsychology.
650 2 2 _aStress Disorders, Traumatic
_xtherapy.
942 _2lcc
_cBK
_h394
_iKAL
_k2004
999 _c12175
_d12175